Loading...
| Fine Arts - Classical Music | 7 | 12.86 | 1,829% | 429% | 314% |
| Fine Arts - Other | 8 | 17.50 | 3,025% | 325% | 525% |
| Fine Arts - Painting & Sculpture | 7 | 18.57 | 5,814% | 371% | 443% |
| History - American | 6 | 13.33 | 1,950% | 533% | 267% |
| History - European | 7 | 22.86 | 6,214% | 700% | 486% |
| History - Other | 9 | 20.00 | 3,456% | 733% | 456% |
| History - World | 9 | 13.33 | 3,222% | 389% | 233% |
| Literature - American | 9 | 20.00 | 4,567% | 356% | 633% |
| Literature - British | 9 | 17.78 | 3,456% | 356% | 633% |
| Literature - European | 8 | 16.25 | 6,263% | 325% | 288% |
| Literature - World | 10 | 13.00 | 2,740% | 310% | 310% |
| Mythology | 7 | 14.29 | 3,686% | 400% | 214% |
| Other | 7 | 15.71 | 2,829% | 314% | 514% |
| Philosophy | 10 | 13.00 | 1,170% | 280% | 510% |
| Religion | 8 | 21.25 | 3,825% | 650% | 463% |
| Science - Biology | 7 | 20.00 | 5,529% | 300% | 543% |
| Science - Chemistry | 4 | 20.00 | 3,250% | 375% | 800% |
| Science - Other | 6 | 18.33 | 4,650% | 333% | 550% |
| Science - Physics | 9 | 14.44 | 4,133% | 156% | 422% |
| Social Science | 9 | 17.78 | 3,322% | 333% | 500% |